000
00303nam a2200109Ia 4500
008
200302s9999 xx 000 0 und d
100
_a
Alam Singh R.C. Joshi
245
_a
Current Practices in Geotechnical Engineering Vol 1
260
_b
IBT Publishers & Destributors
260
_c
1985
300
_a
280 P.,
999
_c
3950
_d
3950